Loading...
| Science - Other | 0 | 5 | 0 | 0 | 50 | 44 | 62.40 | 2 | 5 | 22.18 | 39.77 |
| History - European | 0 | 3 | 0 | 1 | 30 | 114 | 123.67 | 0 | 1 | 0.75 | 7.95 |
| History - World | 0 | 3 | 0 | 1 | 30 | 54 | 94.00 | 0 | 2 | 7.12 | 14.77 |
| Social Science | 0 | 2 | 0 | 0 | 20 | 69 | 71.50 | 0 | 1 | 6.31 | 9.09 |
| Literature - European | 0 | 1 | 0 | 1 | 10 | 137 | 137.00 | 0 | 0 | 0.00 | 2.27 |
| Fine Arts - Painting and Sculpture | 0 | 1 | 0 | 0 | 10 | 81 | 81.00 | 0 | 0 | 2.74 | 4.55 |
| Mythology | 0 | 1 | 0 | 1 | 10 | 139 | 139.00 | 0 | 0 | 0.00 | 2.27 |
| Other Academic | 0 | 1 | 0 | 0 | 10 | 57 | 57.00 | 0 | 1 | 12.82 | 18.75 |
| Literature - British | 0 | 0 | 0 | 0 | 0 | 0.00 | 0 | 0 | 0.00 | 0.00 | |
| Literature - American | 0 | 0 | 0 | 0 | 0 | 0.00 | 0 | 0 | 0.00 | 0.00 | |
| Philosophy | 0 | 0 | 1 | 0 | -5 | 0.00 | 0 | 0 | 0.00 | 0.00 |